000 00579cam a2200217ua 4500
005 20260515114810.0
008 191105n ii |||gr||||Z||||||eng
020 _a9789332542228
040 _cMAIN
_aIN-DiNC
041 _deng
082 _a658.3
_bROB
100 _aRobbins., Stephen P
_eauthor
245 _aOrganizational behavior /
_cby Stephen P Robbins
250 _a16th ed.
260 _aNoida:
_bPearson,
_c2018.
300 _a690p.
650 _aPersonnel management
700 _aJudge, Timothy A
_eauthor
700 _aVohra, Neharika
_eauthor
942 _cBK
_2ddc
999 _c10558
_d10558